000 00640nam a22002177a 4500
003 UA-OsUOA
001 114205
007 ta
008 20151026b un ||||| |||| 00| 0 ukr d
100 _aКравець Л.
090 _a81
_bК78
942 _cSA
040 _aUA-OsUOA
_bukr
_cUA-OsUOA
_dUA-OsUOA
245 _aЛінгвістика тексту і текстологія - дві філологічні науки
300 _aС.16-20
955 _a0
041 _aukr
080 _a81
773 0 _w114204
650 7 _a8 Мовознавство. Художня література. Літературознавство
_2UDC
999 _c400349
_d400349